<?xml version="1.0" encoding="UTF-8"?><?xml-stylesheet type="text/xsl" href="static/style.xsl"?><OAI-PMH xmlns="http://www.openarchives.org/OAI/2.0/" xmlns:xsi="http://www.w3.org/2001/XMLSchema-instance" xsi:schemaLocation="http://www.openarchives.org/OAI/2.0/ http://www.openarchives.org/OAI/2.0/OAI-PMH.xsd"><responseDate>2026-05-14T13:51:00Z</responseDate><request verb="GetRecord" identifier="oai:riubu.ubu.es:10259/5050" metadataPrefix="marc">https://riubu.ubu.es/oai/request</request><GetRecord><record><header><identifier>oai:riubu.ubu.es:10259/5050</identifier><datestamp>2022-04-26T11:42:13Z</datestamp><setSpec>com_10259_2699</setSpec><setSpec>col_10259_2723</setSpec></header><metadata><record xmlns="http://www.loc.gov/MARC21/slim" xmlns:doc="http://www.lyncode.com/xoai" xmlns:xsi="http://www.w3.org/2001/XMLSchema-instance" xmlns:dcterms="http://purl.org/dc/terms/" xsi:schemaLocation="http://www.loc.gov/MARC21/slim http://www.loc.gov/standards/marcxml/schema/MARC21slim.xsd">
<leader>00925njm 22002777a 4500</leader>
<datafield tag="042" ind1=" " ind2=" ">
<subfield code="a">dc</subfield>
</datafield>
<datafield tag="720" ind1=" " ind2=" ">
<subfield code="a">Queiruga Dios, Miguel Ángel</subfield>
<subfield code="e">author</subfield>
</datafield>
<datafield tag="260" ind1=" " ind2=" ">
<subfield code="c">2016</subfield>
</datafield>
<datafield tag="520" ind1=" " ind2=" ">
<subfield code="a">Esta investigación, realizada con alumnos de Secundaria Obligatoria, trata de determinar si el entrenamiento auto-regulatorio en resolución de problemas produce un incremento en la percepción del conocimiento sobre contenidos de física. Además, se analiza si existe una relación entre la calidad de las respuestas metacognitivas que los estudiantes emplean en la resolución de problemas de física, la percepción que dichos estudiantes tienen del uso de sus estrategias metacognitivas, de motivación, y sus conocimientos previos.&#xd;
Parece ser que la calidad de las estrategias metacognitivas empleadas en la construcción del aprendizaje de los distintos conceptos de física depende de la complejidad del aprendizaje de los distintos contenidos. Con respecto a la calidad de las respuestas metacognitivas, parece estar condicionada por la percepción que el estudiante tiene de sus habilidades metacognitivas de auto-conocimiento y de planificación. Por último, parece no existir una relación entre las respuestas metacognitivas medidas con métodos on-line y off-line.</subfield>
</datafield>
<datafield tag="024" ind2=" " ind1="8">
<subfield code="a">http://hdl.handle.net/10259/5050</subfield>
</datafield>
<datafield tag="024" ind2=" " ind1="8">
<subfield code="a">10.36443/10259/5050</subfield>
</datafield>
<datafield ind1=" " ind2=" " tag="653">
<subfield code="a">estrategias metacognitivas</subfield>
</datafield>
<datafield ind1=" " ind2=" " tag="653">
<subfield code="a">métodos on-line</subfield>
</datafield>
<datafield ind1=" " ind2=" " tag="653">
<subfield code="a">métodos off-line</subfield>
</datafield>
<datafield ind1=" " ind2=" " tag="653">
<subfield code="a">protocolos de pensar en voz alta</subfield>
</datafield>
<datafield ind1=" " ind2=" " tag="653">
<subfield code="a">aprendizaje de la física</subfield>
</datafield>
<datafield ind1=" " ind2=" " tag="653">
<subfield code="a">metacognitive strategies</subfield>
</datafield>
<datafield ind1=" " ind2=" " tag="653">
<subfield code="a">on-line methods</subfield>
</datafield>
<datafield ind1=" " ind2=" " tag="653">
<subfield code="a">off-line methods</subfield>
</datafield>
<datafield ind1=" " ind2=" " tag="653">
<subfield code="a">thinking aloud protocols</subfield>
</datafield>
<datafield ind1=" " ind2=" " tag="653">
<subfield code="a">learning physics</subfield>
</datafield>
<datafield tag="245" ind1="0" ind2="0">
<subfield code="a">Análisis de Protocolos en alumnos de Educación Secundaria Obligatoria: un análisis del pensamiento metacognitivo en la asignatura de Física</subfield>
</datafield>
</record></metadata></record></GetRecord></OAI-PMH>